00419nam a2200157Ia 4500008004100000020001500041041000800056082001800064100000900082245007100091260004500162300000800207365001100215650002000226650001500246140306s9999 xx 000 0 und d a019924507x aeng a362.5bIFA/RU aIFAD aRural proverty report ,2001: the challenge of ending rural poverty aNew DelhibOxford University Pressc2001 a266 bRs.745 aDcentralization aFair trade